| 000 | 00515nam a2200181Ia 4500 | ||
|---|---|---|---|
| 008 | 240925s9999 xx 000 0 und d | ||
| 020 | _a9789353166802 | ||
| 082 | _a621.382 FRE | ||
| 100 | _aFrenzel, Louis E. | ||
| 245 | 0 | _aPrinciples of electronic communication systems | |
| 250 | _aNA | ||
| 260 |
_aNew Delhi: _bMcGraw Hill Education (India) Private Limited _c2016 |
||
| 300 |
_a440p. _bNA _fNA |
||
| 500 | _aIncludes Index | ||
| 600 | _aTelecommunication Engineering | ||
| 650 | _aTechnology | ||
| 942 | _cBK | ||
| 999 |
_c18170 _d18170 |
||